| 000 | 00593nam a22001575i 4500 | ||
|---|---|---|---|
| 001 | 171370 | ||
| 003 | ES-MaACL | ||
| 005 | 20230906214620.0 | ||
| 008 | 090513s1952 mx |||| | spa d | ||
| 100 | 1 |
_aSodeman, William A. _9140097 |
|
| 245 | 1 | 0 |
_aFisiopatología clínica _b: mecanismo de producción de los síntimos / _cdirigida por William A. Sodeman ; traducida al español y prologada por Alberto Folch y Pi. |
| 260 |
_aMéxico : _bInteramericana, _c1952. |
||
| 300 |
_aXXXI, 828 p. : _bil. ; _c25 cm. |
||
| 700 | 1 |
_aFolch i Pi, Alberto. _951452 |
|
| 852 |
_aES-MaACL _jC-9040 _9R.37018 |
||
| 999 |
_c171370 _d171370 |
||